00334nam a2200133 a 45000010010000000030011000100080041000210350026000620820014000881000024001022450023001262600037001496500014001860000-8645ELIB.Books110520 1939  a(ELIB.Books)0000-8791 a234 bLew aLewis, F. Warburton aThe Work of Christ bLondon: The Epworth Press c1939 aSalvation